000 00466nam a2200145 a 4500
001 000041436
005 20201002034904.0
008 131004s1990 cu ab 000 0 spa d
040 _aDO-SdBNP
_bspa
_cBNPHU
082 _axxxx
_bxxxx
100 1 _aNúñez Jiménez, Antonio
_94130
245 1 3 _aLa gran caverna de Santo Tomás :
_bmonumento nacional /
_cAntonio Núñez Jiménez.
260 _aLa Habana :
_bPlaza vieja,
_c1990.
300 _a160 p. :
_bil., maps. ;
_c24 cm.
999 _c40926
_d40926